NHL Maurice Richard-trophy winners. - Statistics

General Stats
  • This quiz has been taken 696 times
  • The average score is 8 of 13
Answer Stats
Hint Answer % Correct
2007-08 Alexander Ovechkin
97%
2008-09 Alexander Ovechkin
97%
2009-10 Sidney Crosby, Steven Stamkos
96%
2011-12 Steven Stamkos
80%
2003-04 Jarome Iginla, Rick Nash, Ilya Kovalchuck
76%
2001-02 Jarome Iginla
67%
1998-99 Teemu Selänne
50%
2010-11 Corey Perry
46%
1999-00 Pavel Bure
42%
2000-01 Pavel Bure
42%
2005-06 Jonathan Cheechoo
38%
2006-07 Vincent Lecavalier
36%
2002-03 Milan Hejduk
19%
No matching quizzes found
Score Distribution
Percent of People with Each Score
Percentile by Number Answered
Your Score History
You have not taken this quiz